Etymologisches Wörterbuch der deutschen Sprache : nach eigenen neuen Forschungen /

Bibliographic Details
Main Author: Faulmann, Karl, 1835-1894
Format: Book
Language:German
Published: Halle a.S. : Karras, 1893.
Subjects:

MARC

Tag First Indicator Second Indicator Subfields
LEADER 00000cam a2200000 a 4500
001 in00001754329
005 20151025070931.0
008 930311s1893 gw bd 000 0 ger c
035 |a (OCoLC)ocm27714603 
040 |a BUQ  |c BUQ  |d TXA  |d UtOrBLW 
042 |a pcc 
049 |a TXAM 
050 4 |a PF3580  |b .F38 1893 
100 1 |a Faulmann, Karl,  |d 1835-1894. 
245 1 0 |a Etymologisches Wörterbuch der deutschen Sprache :  |b nach eigenen neuen Forschungen /  |c von Karl Faulmann. 
264 1 |a Halle a.S. :  |b Karras,  |c 1893. 
300 |a viii, 421 pages ;  |c 26 cm. 
336 |a text  |b txt  |2 rdacontent 
337 |a unmediated  |b n  |2 rdamedia 
338 |a volume  |b nc  |2 rdacarrier 
504 |a Includes bibliographical references. 
536 |a From the estate of Mrs. Eduse McGee, September 2001. 
650 0 |a German language  |x Etymology  |v Dictionaries. 
948 |a cataloged  |b h  |c 2003/6/5  |d c  |e jmarner  |f 10:31:58 am 
994 |a E0  |b TXA 
999 |a MARS 
999 f f |s 1f06ed06-8ddd-34ff-88cb-43c108fbbdfb  |i 8c479ec1-fc05-3282-87c3-35942e9ef764  |t 0 
952 f f |p ric  |a Texas A&M University  |b Rellis Campus  |c Joint Library Facility  |d Remote Storage  |t 0  |e PF3580 .F38 1893  |h Library of Congress classification  |i unmediated -- volume  |m A14830114909 
998 f f |a PF3580 .F38 1893  |t 0  |l Remote Storage